Città della Groenlandia - Statistics

Statistiche generali
  • Questo quiz è stato fatto 22 volte
  • Il punteggio medio è 1 su 10
Statistiche sulle risposte
Popolazione Risposta % Corretto
16464 Nuuk
100%
4541 Ilulissat
7%
3142 Aasiaat
0%
2670 Maniitsoq
0%
1337 Nanortalik
0%
1503 Narsaq
0%
1515 Paamiut
0%
3229 Qaqortoq
0%
5598 Sisimiut
0%
2017 Tasiilaq
0%
Nessun quiz corrispondente trovato
Distribuzione punteggi
Percentuale di utenti per punteggio
Percentile per numero di risposta
I tuoi punteggi nel tempo
Non hai fatto questo quiz